|
|
|
|
| LEADER |
01005nam a2200289 4500 |
| 001 |
DLU110130933 |
| 005 |
##20111226 |
| 022 |
# |
# |
|a 1939-5078
|z 1758-8146
|2 1
|
| 040 |
# |
# |
|a DLC
|c DLU
|d LU
|
| 041 |
# |
# |
|a eng
|
| 210 |
# |
# |
|a Wiley interdiscip. rev. Cogn. sci.
|b (Print)
|
| 222 |
# |
# |
|a Wiley interdisciplinary reviews. Cognitive science
|b (Print)
|
| 245 |
# |
# |
|a Wiley interdisciplinary reviews.
|p Cognitive science.
|
| 246 |
# |
# |
|a Cognitive science
|
| 260 |
# |
# |
|a Hoboken, NJ :
|b John Wiley & Sons
|
| 310 |
# |
# |
|a Semmiannual
|
| 362 |
# |
# |
|a Began with vol. 1, no. 1 (Jan./Feb. 2010).
|
| 500 |
# |
# |
|a Description based on: Vol. 1, no. 2 (Mar./Apr. 2010); title from cover.
|
| 650 |
# |
# |
|a Cognitive science
|v Periodicals.
|
| 776 |
# |
# |
|i Also issued online:
|t Wiley interdisciplinary reviews. Cognitive science
|x 1939-5086
|w (DLC) 2007216049
|w (OCoLC)164585559
|
| 900 |
# |
# |
|a True
|
| 911 |
# |
# |
|a Trương Bảo Trâm Anh
|
| 925 |
# |
# |
|a G
|
| 926 |
# |
# |
|a A
|
| 927 |
# |
# |
|a TT
|
| 980 |
# |
# |
|a Thư viện Trường Đại học Đà Lạt
|